000 00808nam a2200241 i 4500
001 bg
245 0 0 _aPark naukowo-technologiczny w Koszalinie :
_bmiejsce gdzie przemysł i nauka pracują wspólnie /
_cPolitechnika Koszalińska ; [red. Leon Kukiełka].
260 _aKoszalin :
_bWydaw. Uczelniane PK,
_c1999.
300 _a22 s. :
_bfot. ;
_c30 cm.
500 _aOpis wg okł.
650 9 _aParki technologiczne
_zPolska
651 9 _aKoszalin (woj. zachodniopomorskie)
_xPolitechnika Koszalińska
655 _aInformatory
700 1 _aKUKIEŁKA, Leon.
_eRed.
710 0 _aPolitechnika Koszalińska
020 _a8387424811
040 _cBPK
041 0 _aen
080 _a001.895:62::008:378.662](438)
920 _a83-87424-81-1
942 _cKS
008 s pl f |000 0 pol
999 _c37510
_d37510
856 _uhttp://koha.tu.koszalin.pl/cgi-bin/koha/opac-detail.pl?biblionumber=37510
_yKatalog online BPK